Falling light /

To save the world from extinction, two lovers, torn apart by forces beyond their control, must sacrifice everything again and again.

Bibliographic Details
Main Author: Harrison, Thea
Format: Book
Language:English
Published: New York : Berkley Sensation, [2014]
Series:Harrison, Thea. Game of Shadows novel.
Subjects:

MARC

Tag First Indicator Second Indicator Subfields
LEADER 00000cam a2200000Ia 4500
001 in00003441266
005 20151206095943.0
008 130726s2014 nyu 000 1 eng d
020 |a 9780425255100 
020 |a 0425255107 
035 |a (OCoLC)ocn854610814 
040 |a BTCTA  |c BTCTA  |d YDX  |d JBL  |d IEP  |d TXA  |d UtOrBLW 
049 |a TXAM 
082 0 |a 813/.54  |2 23 
090 |a PS3558.A67196  |b F35 2014 
100 1 |a Harrison, Thea. 
245 1 0 |a Falling light /  |c Thea Harrison. 
264 1 |a New York :  |b Berkley Sensation,  |c [2014] 
264 4 |c ©2014 
300 |a 289 pages ;  |c 18 cm. 
336 |a text  |b txt  |2 rdacontent 
337 |a unmediated  |b n  |2 rdamedia 
338 |a volume  |b nc  |2 rdacarrier 
490 1 |a A Game of Shadows novel 
520 |a To save the world from extinction, two lovers, torn apart by forces beyond their control, must sacrifice everything again and again. 
650 0 |a Women healers  |v Fiction. 
650 0 |a Fate and fatalism  |v Fiction. 
650 0 |a Good and evil  |v Fiction. 
650 0 |a Man-woman relationships  |v Fiction. 
655 0 |a Paranormal romance stories. 
655 7 |a Fantasy fiction.  |2 lcgft 
800 1 |a Harrison, Thea.  |t Game of Shadows novel. 
948 |a cataloged  |b h  |c 2014/4/15  |d c  |e dmitchel  |f 11:10:20 am 
994 |a C0  |b TXA 
999 |a MARS 
999 f f |s d58da569-d98d-3706-8622-456be9a003eb  |i 9bb85a84-cdee-3295-9773-9045d39c167a  |t 0 
952 f f |p ric  |a Texas A&M University  |b Rellis Campus  |c Joint Library Facility  |d Remote Storage  |t 0  |e PS3558.A67196 F35 2014  |h Library of Congress classification  |i unmediated -- volume  |m A14842151343 
998 f f |a PS3558.A67196 F35 2014  |t 0  |l Remote Storage